000 00785nam a2200253 a 4500
001 000030620
003 DO-SdBNP
005 20230817113825.0
007 ta
008 110525s1932 dr c 000 | spa d
040 _aDO-SdBNP
_bspa
_cBNPHU
_erda
082 _axxx
_bV635c
100 _aVicioso Soto, Horacio
_923658
_d1880-1932
245 1 0 _aCrónicas jurídicas /
_cHoracio V. Vicioso.
264 1 _aSanto Domingo :
_bTipografía La Nación,
_c1932.
300 _ax111, 107 páginas
_bretratos
_c19 cm.
336 _2rdacontent
_atexto
_btxt
337 _2rdamedia
_asin mediación
_bn
338 _2rdacarrier
_avolumen
_bnc
500 _aIncluye datos biográficos del autor en la pagina iv-xiii
590 _aInventariado, 2022/ YL
910 _aYLockward
942 _2ddc
_cLBS1
999 _c30112
_d30112